Геологическое строение и литологические особенности подугольной толщи верхнеюрских отложений Мыльджинского нефтегазоконденсатного месторождения (Томская область); Проблемы геологии и освоения недр; Т. 1

Bibliografiske detaljer
Parent link:Проблемы геологии и освоения недр: труды XVIII Международного симпозиума имени академика М. А. Усова студентов и молодых ученых, Томск, 7-11 апреля 2014 г./ Национальный исследовательский Томский политехнический университет (ТПУ), Институт природных ресурсов (ИПР) ; Общество инженеров-нефтяников, международная некоммерческая организация, Студенческий чаптер ; под ред. А. Ю. Дмитриева.— , 2014
Т. 1.— [С. 333-336]
Hovedforfatter: Панова Е. В. Елена Владимировна
Institution som forfatter: Национальный исследовательский Томский политехнический университет (ТПУ) Институт природных ресурсов (ИПР) Кафедра геологии и разведки полезных ископаемых (ГРПИ)
Andre forfattere: Тен Т. Г. Татьяна Георгиевна (научный руководитель)
Summary:Заглавие с экрана
Sprog:russisk
Udgivet:
Serier:Геология нефти и газа. Современные методы поисков и разведки углеводородного сырья
Fag:
Online adgang:http://earchive.tpu.ru/handle/11683/65861
http://www.lib.tpu.ru/fulltext/c/2014/C11/V1/155.pdf
Format: MixedMaterials Electronisk Book Chapter
KOHA link:https://koha.lib.tpu.ru/cgi-bin/koha/opac-detail.pl?biblionumber=608251

MARC

LEADER 00000naa2a2200000 4500
001 608251
005 20260318155056.0
035 |a (RuTPU)RU\TPU\conf\5681 
035 |a RU\TPU\conf\5680 
090 |a 608251 
100 |a 20140923d2014 k y0rusy50 ca 
101 0 |a rus 
102 |a RU 
135 |a drcn ---uucaa 
181 0 |a i  
182 0 |a b 
200 1 |a Геологическое строение и литологические особенности подугольной толщи верхнеюрских отложений Мыльджинского нефтегазоконденсатного месторождения (Томская область)  |f Е. В. Панова  |g науч. рук. Т. Г. Тен 
203 |a Текст  |c электронный 
225 1 |a Геология нефти и газа. Современные методы поисков и разведки углеводородного сырья 
300 |a Заглавие с экрана 
320 |a [Библиогр.: с. 336 (1 назв.)] 
337 |a Adobe Reader 
461 1 |0 (RuTPU)RU\TPU\conf\5590  |t Проблемы геологии и освоения недр  |o труды XVIII Международного симпозиума имени академика М. А. Усова студентов и молодых ученых, Томск, 7-11 апреля 2014 г.  |o в 2 т.  |f Национальный исследовательский Томский политехнический университет (ТПУ), Институт природных ресурсов (ИПР) ; Общество инженеров-нефтяников, международная некоммерческая организация, Студенческий чаптер ; под ред. А. Ю. Дмитриева  |d 2014 
463 1 |0 (RuTPU)RU\TPU\conf\5592  |t Т. 1  |v [С. 333-336] 
610 1 |a труды учёных ТПУ 
610 1 |a электронный ресурс 
610 1 |a геологическое строение 
610 1 |a литологические особенности 
610 1 |a подугольные толщи 
610 1 |a Мыльджинское нефтегазоконденсатное месторождение 
610 1 |a Томская область 
700 1 |a Панова  |b Е. В.  |c геолог  |c эксперт Томского политехнического университета  |f 1992-  |g Елена Владимировна  |3 (RuTPU)RU\TPU\pers\33978  |9 17551 
702 1 |a Тен  |b Т. Г.  |c геолог  |c доцент Томского политехнического университета, кандидат геолого-минералогических наук  |f 1965-  |g Татьяна Георгиевна  |4 727 
712 0 2 |a Национальный исследовательский Томский политехнический университет (ТПУ)  |b Институт природных ресурсов (ИПР)  |b Кафедра геологии и разведки полезных ископаемых (ГРПИ)  |3 (RuTPU)RU\TPU\col\18660 
801 2 |a RU  |b 63413507  |c 20210915  |g RCR 
856 4 |u http://earchive.tpu.ru/handle/11683/65861 
856 4 |u http://www.lib.tpu.ru/fulltext/c/2014/C11/V1/155.pdf 
942 |c BK